ARRUPE JESUIT UNIVERSITY

CORONAVIRUS -STOP THE SPREAD - CLEAN,DISINFECT,COVER

Gordon (Record no. 118808)

MARC details
000 -LEADER
fixed length control field 00419nam a22001457a 4500
008 - FIXED-LENGTH DATA ELEMENTS--GENERAL INFORMATION
fixed length control field 131127b xxu||||| |||| 00| 0 eng d
050 ## - LIBRARY OF CONGRESS CALL NUMBER
Classification number SPC DA68.32.G6H35 1953
100 ## - MAIN ENTRY--PERSONAL NAME
Personal name Hanson, Lawrence
9 (RLIN) 4288
245 ## - TITLE STATEMENT
Title Gordon
Remainder of title The Story of a hero
260 ## - PUBLICATION, DISTRIBUTION, ETC. (IMPRINT)
Place of publication, distribution, etc London
Name of publisher, distributor, etc Peter Davies
Date of publication, distribution, etc 1953
300 ## - PHYSICAL DESCRIPTION
Extent 256p.
Dimensions 20cm
650 ## - SUBJECT ADDED ENTRY--TOPICAL TERM
Topical term or geographic name as entry element Gordon, Charles George
9 (RLIN) 4289
700 ## - ADDED ENTRY--PERSONAL NAME
Personal name Hanson, Elisabeth
9 (RLIN) 4290
942 ## - ADDED ENTRY ELEMENTS (KOHA)
Source of classification or shelving scheme Library of Congress Classification
Item type Monograph ( Printed materials)
Holdings
Withdrawn status Lost status Source of classification or shelving scheme Damaged status Not for loan Home library Current library Date acquired Total Checkouts Full call number Barcode Date last seen Price effective from Koha item type
    Library of Congress Classification     ARRUPE LIBRARY ARRUPE LIBRARY 27/11/2013   SPC DA68.32.G6H35 1953 464122717 27/11/2013 27/11/2013 Monograph ( Printed materials)

 

Arrupe Library. PO Box MP320 Mt Pleasant, Harare, Zimbabwe
263 242 745411|librarian@aju.ac.zw